Human behavior: a program for self-instruction (Record no. 45876)
[ view plain ]
| 000 -LEADER | |
|---|---|
| fixed length control field | 00736nam a2200193 a 4500 |
| 008 - FIXED-LENGTH DATA ELEMENTS--GENERAL INFORMATION | |
| fixed length control field | 070621s1965 ||||||||||||||||| || u |
| 050 ## - LIBRARY OF CONGRESS CALL NUMBER | |
| Classification number | BF 131 Mal |
| 100 ## - MAIN ENTRY--PERSONAL NAME | |
| Personal name | Martin, Edwin P |
| 245 10 - TITLE STATEMENT | |
| Title | Human behavior: a program for self-instruction |
| Statement of responsibility, etc. | Leslie F. Malpass; Max O. Hocutt; Edwin P. Martin; Paul R. Givens |
| 260 ## - PUBLICATION, DISTRIBUTION, ETC. | |
| Place of publication, distribution, etc. | New york |
| Name of publisher, distributor, etc. | McGraw-Hill |
| Date of publication, distribution, etc. | 1965 |
| 300 ## - PHYSICAL DESCRIPTION | |
| Extent | xvi, 400p.: ill. |
| 350 ## - PRICE (NR) (BK AM CF MU VM SE) [OBSOLETE] | |
| Price | 0.00 |
| 650 #3 - SUBJECT ADDED ENTRY--TOPICAL TERM | |
| Topical term or geographic name entry element | PSYCHOLOGY |
| 650 ## - SUBJECT ADDED ENTRY--TOPICAL TERM | |
| Topical term or geographic name entry element | PSYCHOLOGY--PROGRAMMED INSTRUCTIONS |
| 700 ## - ADDED ENTRY--PERSONAL NAME | |
| Personal name | Hocutt, Max O |
| 700 ## - ADDED ENTRY--PERSONAL NAME | |
| Personal name | Malpass, Leslie F |
| 700 ## - ADDED ENTRY--PERSONAL NAME | |
| Personal name | Givens, Paul R |
| 995 ## - RECOMMENDATION 995 [LOCAL, UNIMARC FRANCE] | |
| -- | 0.00 |
| -- | CBU-MAIN LIBRARY (Kitwe) |
| -- | 1 |
| -- | 0.00 |
| -- | 1 |
| -- | AVAILABLE |
| -- | Jun 21, 2007 |
| -- | Main Library Open Access Collection |
| Withdrawn status | Lost status | Source of classification or shelving scheme | Damaged status | Not for loan | Home library | Current library | Shelving location | Date acquired | Total Checkouts | Full call number | Barcode | Date last seen | Price effective from | Koha item type |
|---|---|---|---|---|---|---|---|---|---|---|---|---|---|---|
| CBU-MAIN LIBRARY, KITWE. | CBU-MAIN LIBRARY, KITWE. | 11/30/2022 | BF 131 Mal | 55424 | 11/30/2022 | 11/30/2022 | MONOGRAPH |